'Perfect Strangers' Theme Song Quiz Stats

 Plays Quiz Updated Mar 12, 2020

Support Sporcle.
Go Orange.
Score 0/96 Timer 08:00
0 Plays Today
% Correct
the
92.6%
the
92.6%
the
92.6%
the
92.6%
the
92.6%
The
92.6%
the
92.6%
a
82.9%
a
82.9%
a
82.9%
and
79.5%
and
79.5%
and
79.5%
and
79.5%
and
78.9%
in
77.9%
in
77.9%
you
76.2%
you
76.2%
on
74.3%
on
74.3%
of
71.7%
of
71.7%
of
71.7%
me
69.6%
to
69.4%
No
69.3%
perfect,
67.3%
my
64.6%
my
64.6%
my
64.6%
my
64.6%
% Correct
my
64.6%
my
64.6%
are
58.6%
world
58.2%
for
57.6%
life,
53.1%
what
52.7%
time,
52.1%
some
50.9%
nothing
50.6%
now.
50.1%
way.
49.7%
gonna
49.6%
gonna
49.6%
It's
48.1%
friend
48%
stand
47.7%
dream.
47.5%
dream.
47.5%
this
47.3%
This
47.3%
dream,
47.2%
get
45.8%
wings
44.3%
wings
44.3%
stop
44.3%
tall,
44%
at
43.1%
Standing
43.1%
nothing's
42%
nothing's
42%
like
41.7%
% Correct
like
41.7%
just
41.4%
matter
40.9%
fall,
39.7%
Sometimes
39.2%
Sometimes
39.2%
need
39%
Rise
38.9%
days.
36.7%
kind
36.2%
looks
35.2%
rain
35.2%
change.
35.1%
wind
34.7%
I'm
34.7%
better
33.6%
feeling
33.4%
every
32.6%
thunder,
32.5%
end.
32.3%
odds
31.3%
heart,
30%
rearrange.
29.8%
bound
28.6%
long
28.2%
lost
27.2%
light
26.4%
haze,
25.5%
dark
20.9%
street
19.2%
gives
17.8%
flame
16.9%

You're not logged in!

Compare scores with friends on all Sporcle quizzes.
OR
Log In

From the Vault

JULBEMD Geography: Hidden Places III

by betraisefold

If this were a theme party, you'd be asked to be bring a blender and an atlas.
Remove Ads.
Support Sporcle.
Get the best of Sporcle when you Go Orange. This ad-free experience offers more features, more stats, and more fun while also helping to support Sporcle. Thank you for becoming a member.

Show Comments

Extras

Top Quizzes Today


Score Distribution

Your Account Isn't Verified!

In order to create a playlist on Sporcle, you need to verify the email address you used during registration. Go to your Sporcle Settings to finish the process.

Report this User

Report this user for behavior that violates our Community Guidelines.

Details: